000 00667nam a22002177a 4500
003 URS
005 20220114171927.0
008 180505b xxu||||| |||| 00| 0 eng d
020 _a9780071326131
050 1 4 _aHD 31
_bW419 2010
100 1 _aWeihrichm Heinz,
_d2010-
_eauthor
245 _aManagement :
_bA global and entrepreneurial perspective /
_cHeinz Weihrich.
250 _a13th edition
264 1 _aNew Delhi:
_bMcGraw-Hill Education,
_c©2010
300 _axii, 537 pages :
_billustration ;
_c23 cm
336 _2rdacontent
_atext
336 _2rdacontent
_astill image
337 _2rdamedia
_aunmediated
338 _2rdacarrier
_avolume
942 _2lcc
_cFR
999 _c15192
_d15192